000 00599nam a22002177a 4500
003 OSt
005 20180206145019.0
008 180116b xxu||||| |||| 00| 0 eng d
020 _a 978-0323310291
040 _cDMLN
082 _aWR18.2 F57d 2016
100 _aFitzpatrick James E; Morelli, Joseph G.
_912339
245 _aDermatology Secrets Plus
250 _a5th ed.
260 _aPhiladelphia; Elsevier, 2016
300 _axv,640p; col.ill: 26cm
504 _aReferences, & index included
650 _aDermatology
_9502
650 _aMCQs skin diseases
_912340
942 _2z
_cB_BANK
999 _c5946
_d5946